Statistics for 2022 FIFA World Cup Group G - Switzerland - Cameroon

Click here to take the quiz!

General Stats

  • This quiz has been taken 41 times
  • The average score is 16 of 33

Answer Stats

Player% Correct
Yann Sommer
94%
Breel Embolo ¹
91%
Granit Xhaka
88%
Xherdan Shaqiri
88%
Manuel Akanji
82%
Ricardo Rodriguez
82%
André Onana
73%
E. M. Choupo-Moting
70%
Nico Elvedi
61%
Remo Freuler
61%
Ruben Vargas
61%
A.-F. Zambo Anguissa
55%
Haris Seferovic
55%
Vincent Aboubakar
55%
Silvan Widmer
52%
Djibril Sow
48%
Karl Toko Ekambi
48%
Bryan Mbeumo
42%
Nicolas Nkoulou
36%
Noah Okafor
36%
J.-C. Castelletto
33%
Murat Yakin
30%
Rigobert Song
30%
Collins Fai
27%
Fabian Rieder
27%
Georges-Kévin Nkoudou
27%
Martin Hongla
24%
Moumi Ngamaleu
24%
Eray Cömert
21%
Fabian Frei
21%
Nouhou Tolo
21%
Samuel Gouet
18%
Gaël Ondoua
15%

Score Distribution

Percentile by Number Answered

Percent of People with Each Score

Your Score History

You have not taken this quiz